HANDBOOK of some Sarawak timbers

Bibliographic Details
Format: Book
Published: Kuching, Sarawak : Forest Department Sarawak , 1999
Subjects:

MARC

LEADER 00000cam a2200000 7i4500
001 0000000208
005 20000719.0
090 0 0 |a 338.1749095954   |b HAN 1999 
245 0 0 |a HANDBOOK of some Sarawak timbers 
260 0 0 |a Kuching, Sarawak :   |b Forest Department Sarawak ,   |c 1999 
300 |a ix, 126 . :   |b col. ill. ;   |c 21 cm. 
650 0 0 |a Timber   |z Malaysia - Sarawak   |x Handbooks, manuals, etc. 
651 0 0 |a Sarawak, Malaysia   |x Timber   |x Handbooks, manuals, etc. 
999 |a 0000001311   |b Monograph   |c Open Shelf   |e Default branch